|
|
|
|
| LEADER |
00000nam a2200000 a 4500 |
| 001 |
vtls009887624 |
| 003 |
SK-MaSNL |
| 005 |
20260301171904.0 |
| 008 |
240318s1977 xo p 000 1 slo |
| 035 |
|
|
|a (SVKBBclas03)vtls000232223
|
| 040 |
|
|
|a SNK
|b slo
|c SNK
|e AACR2
|
| 041 |
0 |
|
|a slo
|
| 044 |
|
|
|a xo
|c SK
|
| 080 |
|
|
|a 811.162.4(075.3)
|2 1981
|
| 100 |
1 |
|
|a Ballay, Jozef
|4 aut
|9 5820
|
| 245 |
1 |
0 |
|a Slovenský jazyk pre 1. ročník štvorročných učebných odborov s maturitou
|b pokusná učebnica
|c Jozef Ballay
|
| 250 |
|
|
|a 2. vyd.
|
| 260 |
|
|
|a Bratislava
|b Slovenské pedagogické nakladateľstvo
|c 1977
|e Nitra
|f Nitrianske tlačiarne
|
| 300 |
|
|
|a 119 s., 4,71 AH
|
| 650 |
0 |
7 |
|a slovenčina
|2 hŠVKBB
|9 1350
|
| 655 |
|
7 |
|a učebnice stredných škôl
|2 hŠVKBB
|9 69323
|
| 655 |
|
7 |
|a učebnice učňovských škôl
|2 hŠVKBB
|9 166734
|
| 958 |
|
|
|a OND
|
| 999 |
|
|
|c 831792
|d 833722
|
| 952 |
|
|
|a SNK
|b SNK
|y VYP
|7 0
|p 17A1137816
|o snkSC 39653 D1
|i snkKSP 6447/76
|0 0
|1 0
|4 0
|d 2015-02-18
|l 0
|r 2026-02-24 03:41:26
|w 2026-02-24
|